000 00818nam a2200217Ia 4500
001 21116
003 GE_BSU
008 181216s||||||||xx |||||||||||||| ||und||
040 _cGE_BSU
245 _aკარიბჭე №16(337) 10-23 აგვისტო. 2017
245 _bმართლმადიდებლური ჟურნალი.
245 _cმთავარი რედაქტორი: თამარ მამაცაშვილი.
260 _aთბილისი
260 _c2017
300 _a50 გვ. : ილ. ; 30სმ.
653 _aკარიბჭე №16(337) 10-23 აგვისტო. 2017
653 _aპერიოდიკა
653 _aრელიგია
653 _aსაეკლესიო ჟურნალი
942 _cCR
999 _c54063
_d54063